00570nam a2200181Ia 450000500170000000800410001704000190005804100120007708200130008924501210010226000340022330000150025763000200027263000290029265000150032165100420033685000100037820230615125400.0131103s9999 xx 000 0 und d aLoreto College aEnglish a938bFIN 4aThe Greek historiansb the essence of Herodotus; Thucydides,Xenophone, Polybius cselected and edited by M.I.Finley aLondonbChatto & Windusc1959 avi,501 p.  aAncient History aGreece - Ancient History a1Herodotus a2. Thucydides 3.Xenophone 4. Polybius aLCLIB